José Santos Ossa Vega: pionero del salitre

Saved in:
Bibliographic Details
Main Author: Ahumada Manchot, María Teresa (autora)
Format: Book
Language:Spanish
Published: Antofagasta Ediciones Santos Ossa 1997
Subjects:
Tags: Add Tag
No Tags, Be the first to tag this record!

MARC

LEADER 00000nam a2200000 a 4500
001 UCR5896
003 CL-VaPUC
008 980403e19970000CL |||||||||||||||||spa|d
082 0 4 |a 983  |b AHU  |2 21 
100 |a Ahumada Manchot, María Teresa  |e autora  |9 406830 
245 1 0 |a José Santos Ossa Vega: pionero del salitre 
300 |a 69 p 
942 |c BK 
945 |d 19980403 00:00:00  |a rbrito 
260 |a Antofagasta  |b Ediciones Santos Ossa  |c 1997 
600 0 7 |a OSSA VEGA, JOSE SANTOS  |2 CL-VaPUC  |9 406831 
650 0 |a Historia  |9 255047 
650 0 |a Salitre  |9 313872 
650 7 |a MINEROS  |2 CL-VaPUC  |9 318252 
650 0 |a Minerales   |9 264051 
650 0 |a Industria minera  |9 260256 
651 7 |a CHILE  |2 CL-VaPUC  |9 406832 
583 |a last modification  |c 19980403 00:00:00  |k Rodrigo Vera 
999 |c 268238  |d 268236 
952 |0 0  |1 0  |4 0  |6 983_000000000000000_AHU_1997  |7 0  |8 A  |9 301218  |a BIBHIS  |b BIBHIS  |d 2019-11-20  |i 3410455  |o 983 AHU 1997  |p 3410455  |r 2025-01-20  |w 2019-11-20  |y BK  |k HIS